| Tag |
First Indicator |
Second Indicator |
Subfields |
| LEADER |
00000cam a2200000Ia 4500 |
| 001 |
in00002261221 |
| 005 |
20151105100302.0 |
| 008 |
070525s2007 txuab b s000 0 eng d |
| 035 |
|
|
|a (OCoLC)ocn136864866
|
| 035 |
|
|
|a (OCoLC)136864866
|
| 040 |
|
|
|a IKM
|c IKM
|d TXA
|d UtOrBLW
|
| 043 |
|
|
|a n-us-tx
|
| 049 |
|
|
|a TXAM
|
| 086 |
|
|
|a H2000.8 P186PE 2007
|2 txdocs
|
| 090 |
|
|
|a F392.P165
|b B76 2007
|
| 100 |
1 |
|
|a Brownlow, Russell K.
|
| 245 |
1 |
3 |
|a An intensive cultural resources survey of 4 HDD locations on the proposed Pecan Pipeline Right-of-Way, Palo Pinto County, Texas /
|c by Russell K. Brownlow, principal investigator.
|
| 264 |
|
1 |
|a Austin, Tex. :
|b Horizon Environmental Services,
|c [2007]
|
| 300 |
|
|
|a vi, 15, 2 pages :
|b illustrations, maps ;
|c 28 cm.
|
| 336 |
|
|
|a text
|b txt
|2 rdacontent
|
| 337 |
|
|
|a unmediated
|b n
|2 rdamedia
|
| 338 |
|
|
|a volume
|b nc
|2 rdacarrier
|
| 500 |
|
|
|a "Prepared for: Pecan Pipeline Company, Fort Worth, Texas."
|
| 500 |
|
|
|a "HJN 060191 AR."
|
| 500 |
|
|
|a "February 2007."
|
| 500 |
|
|
|a Regulated by the Texas Historical Commission through the National Historic Preservation Act.
|
| 504 |
|
|
|a Includes bibliographical references (page 15).
|
| 650 |
|
0 |
|a Archaeological surveying
|z Texas
|z Palo Pinto County.
|
| 650 |
|
0 |
|a Excavations (Archaeology)
|z Texas
|z Palo Pinto County.
|
| 651 |
|
0 |
|a Palo Pinto County (Tex.)
|x Antiquities.
|
| 710 |
2 |
|
|a Texas Antiquities Committee.
|
| 994 |
|
|
|a C0
|b TXA
|
| 948 |
|
|
|a cataloged
|b h
|c 2007/8/22
|d c
|e croman/jwalker
|
| 999 |
|
|
|a MARS
|
| 999 |
f |
f |
|s 5d105801-ecb2-37bc-8a42-9f2b239dcf53
|i 890ac45f-0638-38a2-ad9d-1490ac8b8e30
|t 0
|
| 952 |
f |
f |
|p ric
|a Texas A&M University
|b Rellis Campus
|c Joint Library Facility
|d Remote Storage
|t 0
|e F392.P165 B76 2007
|h Library of Congress classification
|i unmediated -- volume
|m A14836096638
|
| 998 |
f |
f |
|a F392.P165 B76 2007
|t 0
|l Remote Storage
|